[Event "St Petersburg op2"]
[Site "St Petersburg"]
[Date "1994.??.??"]
[Round "3"]
[White "Sakaev, Konstantin"]
[Black "Karasev, Vladimir I"]
[Result "1/2-1/2"]
[WhiteElo "2555"]
[BlackElo "2405"]

1.d4 d5 2.Nf3 c6 3.c4 e6 4.Qc2 Nf6 5.g3 Ne4 6.Bg2 Nd7 7.O-O Be7 8.Ne1 f5
9.Nd2 O-O 10.Nd3 Bd6 11.Nf3 Qe8 12.Nfe5 Nxe5 13.dxe5 Be7 14.Be3 b6 15.f3 Bg5
16.Nf4 Nc5 17.b4 Na6 18.Rab1 dxc4 19.Qxc4  1/2-1/2

[Event "St Petersburg op2"]
[Site "St Petersburg"]
[Date "1994.??.??"]
[Round "5"]
[White "Sakaev, Konstantin"]
[Black "Chepukaitis, Genrikh"]
[Result "1/2-1/2"]
[WhiteElo "2555"]
[BlackElo "2265"]

1.d4 g6 2.c4 Bg7 3.Nc3 d6 4.Nf3 Nf6 5.e4 O-O 6.Be2 Nc6 7.d5 Nb8 8.h3 c6 9.O-O Na6
10.Be3 e5 11.dxc6 bxc6 12.Qa4 Bb7 13.Rfd1 Qe7 14.b4 Nc7 15.Nd2 Ne6 16.Nb3 Rfd8
17.Bf3 Nd7 18.Qa5 h6 19.Bg4 Ndf8 20.Rac1 h5 21.Bf3 Kh7 22.c5 dxc5 23.Nxc5 Nd4
24.Bxd4 exd4 25.Ne2 Ne6 26.Nxe6 fxe6 27.Rb1 e5 28.Nc1 Rf8 29.Nd3 Bc8 30.Be2 Qh4
31.f3 Bxh3 32.gxh3 Qg3+ 33.Kh1 Qxh3+ 34.Kg1 Qg3+ 35.Kh1 Rxf3 36.Bxf3 Qxf3+
37.Kh2 Qe2+ 38.Kg1 Rf8 39.Rf1 Qxd3 40.Rxf8 Qg3+ 41.Kh1 Bxf8 42.Qxa7+ Kh6
43.Qb8 Qf3+ 44.Kg1 Qg4+ 45.Kh2 Qf4+ 46.Kg1 d3 47.Rf1 Qg4+ 48.Kh2 Qe2+ 49.Kg1 Bg7
50.a4 Qg4+ 51.Kh2 h4 52.Qd8 Qe2+ 53.Kg1 Qxe4 54.Qd7 Qe3+ 55.Kh1 Qe4+ 56.Kg1 Qxb4
57.Qxd3 Qxa4 58.Kh2 Qg4 59.Re1 Qf4+ 60.Kg2 Qg4+ 61.Kh1 Qe6 62.Re4 g5 63.Qf3 Kg6
64.Kh2 c5 65.Ra4 Bf6 66.Qe2 Qf5 67.Kg2 Qe6 68.Qe4+ Qf5 69.Qe2 Qb1 70.Kh2 e4
71.Rxe4 Bd4 72.Qg4 Qb2+ 73.Kh1 Qf2 74.Re6+ Bf6 75.Rc6 Qd4 76.Qe6 g4 77.Rd6 Qa1+
78.Kh2 Qb2+ 79.Kg1 Qc1+ 80.Kf2 Qf4+ 81.Ke2 h3 82.Qg8+ Kf5 83.Rd5+ Ke4 84.Qe6+ Be5
85.Rxc5 Qe3+ 86.Kf1 Kf3 87.Qd5+ Kf4 88.Rc2 Kg3 89.Rd2 h2 90.Rg2+ Kh4 91.Qd8+ Kh3
92.Rxh2+ Bxh2 93.Qh8+ Kg3 94.Qxh2+ Kf3 95.Qg2+ Kf4  1/2-1/2

[Event "St Petersburg op2"]
[Site "St Petersburg"]
[Date "1994.??.??"]
[Round "6"]
[White "Orlov, Vassily"]
[Black "Sakaev, Konstantin"]
[Result "1/2-1/2"]
[WhiteElo "2350"]
[BlackElo "2555"]

1.e4 c5 2.Nf3 d6 3.d4 cxd4 4.Nxd4 Nf6 5.Nc3 Nc6 6.f4 e5 7.Nf3 Be7 8.Bd3 O-O
9.O-O Bg4 10.Qe1 exf4 11.Bxf4 Re8 12.Kh1 Bh5 13.Qd2 Bg6  1/2-1/2

[Event "St Petersburg op2"]
[Site "St Petersburg"]
[Date "1994.??.??"]
[Round "8"]
[White "Sakaev, Konstantin"]
[Black "Serper, Grigory"]
[Result "1/2-1/2"]
[WhiteElo "2555"]
[BlackElo "2575"]

1.d4 d5 2.c4 c6 3.Nf3 Nf6 4.Nc3 e6 5.Bg5 h6 6.Bxf6 Qxf6 7.e3 Nd7 8.Bd3 dxc4
9.Bxc4 g6 10.O-O Bg7 11.Rc1 O-O 12.b4 b6 13.Bd3 Bb7 14.Be4 a6 15.Qb3 Qe7
16.Nd2 Rab8 17.Ne2 Rfc8 18.Nc4 Ba8 19.Rfd1 Kh7 20.Bf3 e5 21.dxe5 Nxe5 22.Nxe5 Bxe5
23.g3 Kg7 24.Rd2  1/2-1/2

[Event "Cappelle op"]
[Site "Cappelle la Grande"]
[Date "1995.??.??"]
[Round "1"]
[White "Velikhanli, Firuza"]
[Black "Sakaev, Konstantin"]
[Result "0-1"]
[WhiteElo "2340"]
[BlackElo "2535"]

1.e4 c5 2.Nf3 d6 3.d4 cxd4 4.Nxd4 Nf6 5.Nc3 Nc6 6.Be2 e5 7.Nb3 Be7 8.O-O O-O
9.Kh1 Be6 10.f4 exf4 11.Bxf4 d5 12.exd5 Nxd5 13.Nxd5 Bxd5 14.Bf3 Bc4 15.Qxd8 Raxd8
16.Rfd1 Rfe8 17.c3 Bf8 18.Rxd8 Rxd8 19.Rd1 Rxd1+ 20.Bxd1 Bd5 21.Kg1 f5 22.Kf2 Kf7
23.Bf3 Ke6 24.Bxd5+ Kxd5 25.Ke3 Be7 26.Kd3 b5 27.Nd2 g5 28.Bc7 Bf6 29.b3 Ke6
30.Nf3 h5 31.h3 g4 32.Ne1 Be5 33.Bxe5 Kxe5 34.hxg4 fxg4 35.Ke3 h4 36.Nd3+ Kf5
37.Nf2 Ne5 38.a4 bxa4 39.bxa4 a5 40.Kd4 Kf4 41.Kd5 Ke3 42.Nh1 Nd3 43.c4 g3
44.c5 h3  0-1

[Event "Cappelle op"]
[Site "Cappelle la Grande"]
[Date "1995.??.??"]
[Round "3"]
[White "Abolianin, Arthur"]
[Black "Sakaev, Konstantin"]
[Result "0-1"]
[WhiteElo "2275"]
[BlackElo "2535"]

1.Nf3 Nf6 2.g3 g6 3.Bg2 Bg7 4.O-O O-O 5.c4 d6 6.Nc3 Nc6 7.Re1 e5 8.h3 h6
9.d3 Be6 10.Rb1 Qd7 11.Kh2 g5 12.Nd2 g4 13.h4 a5 14.a3 Nh5 15.b4 axb4 16.axb4 Rab8
17.b5 Ne7 18.Nb3 f5 19.e3 f4 20.exf4 exf4 21.Ne4 Bf5 22.Bb2 Bxb2 23.Rxb2 f3
24.Bf1 Ng6 25.Qd2 Kh7 26.Nd4 Ng7 27.Nxf5 Nxf5 28.d4 Qg7 29.Bd3 Qxd4 30.h5 Ne5
31.Nf6+ Kg7 32.Bxf5 Qxd2 33.Rxd2 Kxf6 34.Rxe5 dxe5 35.Bxg4 e4 36.Rd7 Rg8
37.Kh3 Rg7 38.Rd4 Re8 39.b6 Re5 40.bxc7 Rxc7 41.Rd6+ Kg7 42.Rg6+ Kh7 43.Rf6 Rxc4
44.Bf5+ Kg7  0-1

[Event "Cappelle op"]
[Site "Cappelle la Grande"]
[Date "1995.??.??"]
[Round "4"]
[White "Sakaev, Konstantin"]
[Black "Mohandesi, Shahin"]
[Result "1-0"]
[WhiteElo "2535"]
[BlackElo "2265"]

1.d4 Nf6 2.Nf3 g6 3.c4 Bg7 4.Nc3 d5 5.cxd5 Nxd5 6.e4 Nxc3 7.bxc3 c5 8.Rb1 O-O
9.Be2 b6 10.O-O Bb7 11.Qd3 Ba6 12.Qe3 Bxe2 13.Qxe2 cxd4 14.cxd4 e6 15.Ba3 Re8
16.Rbc1 Qd7 17.Qc4 Qb7 18.Rfe1 Na6 19.h4 Rac8 20.Qb5 Nb8 21.d5 a6 22.Qb3 e5
23.Red1 Nd7 24.Rc6 b5 25.Rdc1 Nb8 26.R6c3 Nd7 27.Bd6 Bh6 28.Rc7 Qa8 29.R1c6 Rxc7
30.Bxc7 Bf8 31.Ng5 h6 32.Nf3 Qa7 33.Ba5 Qa8 34.Qc3 Bg7 35.Rc7 Nf6 36.Nd2 Rb8
37.Qc5 Bf8 38.Qc6 Ne8 39.Qxa8 Rxa8 40.Rc6 Bd6 41.Nf3 f6 42.h5 gxh5 43.Nh4 Kf7
44.Nf5 Bf8 45.g3 Ra7 46.Kg2 Kg6 47.f4 exf4 48.gxf4 h4 49.Kh3 Rd7 50.Rxa6 Nd6
51.Nxd6 Rxd6 52.Ra8 Be7 53.Ra7 Bf8 54.Kxh4 Bg7 55.f5+ Kh7 56.Bb4 Rb6 57.Bf8  1-0

[Event "Cappelle op"]
[Site "Cappelle la Grande"]
[Date "1995.??.??"]
[Round "7"]
[White "Berg, Klaus"]
[Black "Sakaev, Konstantin"]
[Result "1/2-1/2"]
[WhiteElo "2420"]
[BlackElo "2535"]

1.d4 Nf6 2.c4 e6 3.Nc3 Bb4 4.e3 O-O 5.Bd3 d5 6.Ne2 dxc4 7.Bxc4 c5 8.a3 Bxc3+
9.Nxc3 cxd4 10.exd4 Nc6 11.Be3 b6 12.O-O Bb7 13.Ba2 Qd6 14.d5 exd5 15.Nxd5 Rad8
16.Nc3 Qe5 17.Qf3 Na5  1/2-1/2

[Event "RUS-ch"]
[Site "Elista"]
[Date "1995.??.??"]
[Round "7"]
[White "Ulibin, Mikhail"]
[Black "Sakaev, Konstantin"]
[Result "1/2-1/2"]
[WhiteElo "2545"]
[BlackElo "2570"]

1.d4 d5 2.c4 c6 3.Nf3 Nf6 4.Nc3 e6 5.g3 dxc4 6.Bg2 Nbd7 7.a4 Bb4 8.O-O O-O
9.Qc2 Qe7 10.Na2 Bd6 11.Qxc4 e5 12.Qc2 Re8 13.Nc3 exd4 14.Nxd4 Nc5 15.Rd1 Be5
16.Rb1 a5 17.h3 Na6 18.e4 Nb4 19.Qb3 c5 20.Nf5 Bxf5 21.exf5 Bd4 22.Nb5 c4
23.Qxc4 Bxf2+ 24.Kxf2 Rac8 25.Qf1 Rxc1 26.Kg1 Qe3+ 27.Kh2 Rxb1 28.Rxb1 h5
29.Nd6 Re7 30.Nxb7 h4 31.Qf4 hxg3+  1/2-1/2

[Event "Kuopio op1"]
[Site "Kuopio"]
[Date "1995.??.??"]
[Round "?"]
[White "Sepp, Olav"]
[Black "Sakaev, Konstantin"]
[Result "1/2-1/2"]
[WhiteElo "2460"]
[BlackElo "2535"]

1.e4 c5 2.Nc3 Nc6 3.g3 g6 4.Bg2 Bg7 5.d3 d6 6.Be3 Rb8 7.Qd2 b5 8.Nf3 b4 9.Nd1 a5
10.O-O Ba6 11.Re1 Qb6 12.h3 Nf6 13.Bh6 O-O 14.Bxg7 Kxg7 15.e5 dxe5 16.Nxe5 Nxe5
17.Rxe5 e6 18.b3 Qd6 19.Qe3 Nd7  1/2-1/2

[Event "Kuopio op1"]
[Site "Kuopio"]
[Date "1995.??.??"]
[Round "?"]
[White "Sakaev, Konstantin"]
[Black "Vark, Liina"]
[Result "1-0"]
[WhiteElo "2535"]
[BlackElo "2050"]

1.d4 d5 2.c4 e6 3.Nc3 Nf6 4.cxd5 exd5 5.Bg5 Be7 6.e3 O-O 7.Bd3 Nbd7 8.Nge2 Re8
9.O-O Nf8 10.Qc2 c6 11.f3 h6 12.Bh4 Ne6 13.Rad1 Qc7 14.Bf2 Bd6 15.Kh1 Nh5
16.Bg1 Qe7 17.Bf2 Qc7 18.a3 a6 19.Qd2 Bd7 20.Bg1 Qd8 21.e4 Nhf4 22.e5 Nxe2
23.Nxe2 Be7 24.f4 c5 25.f5 Nxd4 26.Nxd4 cxd4 27.Bxd4 Bg5 28.Qf2 Rc8 29.f6 gxf6
30.h4  1-0

[Event "Kuopio op1"]
[Site "Kuopio"]
[Date "1995.??.??"]
[Round "?"]
[White "Fomina, Tatyana"]
[Black "Sakaev, Konstantin"]
[Result "1/2-1/2"]
[WhiteElo "2295"]
[BlackElo "2535"]

1.d4 Nf6 2.Nc3 d5 3.Bg5 Nbd7 4.e3 h6 5.Bf4 a6 6.Nf3 e6 7.h3 c5 8.Be2 b5 9.a3 Bb7
10.O-O Be7 11.Ne5 O-O 12.Bf3 Rc8 13.Ne2 Nxe5 14.Bxe5 cxd4 15.exd4 a5 16.c3 Qb6
17.Qd2 Ne4 18.Bxe4 dxe4 19.Rfc1 Qc6 20.Qe3 f6 21.Bg3 g5 22.h4 Rf7 23.a4 bxa4
24.c4 Qd7 25.c5 Bc6 26.Nc3 f5 27.Be5 Rh7 28.Qe2 gxh4 29.Qh5 Qe8 30.Qxe8+ Rxe8
31.Nxa4 h3 32.g3 h5 33.Kh2 h4 34.Rc3 hxg3+ 35.Rxg3+ Kf7 36.Nb6 Bh4 37.Rxh3 Rg8
38.Nc4 a4 39.b3 Rg5 40.Bf4 Rgh5 41.Ne5+ Kf6 42.Nxc6 Bg3+ 43.Bxg3 Rxh3+ 44.Kg2 axb3
45.Rb1 f4 46.Bxf4 Rd3 47.Be5+ Kf5 48.Na5 e3 49.fxe3 Kg4 50.c6 Rd2+ 51.Kg1 b2
52.Nb3 Rc2 53.c7 Kf3 54.Rf1+ Kxe3 55.Nc5 Rh4 56.c8=Q  1/2-1/2

[Event "Mainz op"]
[Site "Mainz"]
[Date "1995.??.??"]
[Round "1"]
[White "Ruth, Walter"]
[Black "Sakaev, Konstantin"]
[Result "0-1"]
[WhiteElo "1930"]
[BlackElo "2535"]

1.f4 d5 2.b3 Nf6 3.e3 g6 4.Bb2 Bg7 5.Nf3 O-O 6.Be2 c5 7.O-O Nc6 8.Qc1 Bg4
9.d3 d4 10.e4 Bh6 11.h3 Bxf3 12.Bxf3 e5 13.g3 Qc7 14.Qd2 exf4 15.g4 Nd7 16.Qh2 Bg7
17.Na3 a6 18.g5 b5 19.Rac1 Be5 20.Nb1 f6 21.h4 fxg5 22.hxg5 Rf7 23.Nd2 Nf8
24.Kf2 Qe7 25.Rg1 Rd8 26.Qh3 c4 27.bxc4 Qb4 28.Nb3 bxc4 29.dxc4 d3 30.Bxe5 Nxe5
31.c3 Qxc4 32.Qf1 Ne6 33.Rg2 d2 34.Qxc4 dxc1=Q  0-1

[Event "Mainz op"]
[Site "Mainz"]
[Date "1995.??.??"]
[Round "6"]
[White "Sakaev, Konstantin"]
[Black "Grossmann, Ryszard"]
[Result "1-0"]
[WhiteElo "2535"]
[BlackElo "2220"]

1.d4 Nf6 2.c4 e6 3.Nc3 Bb4 4.Qc2 c5 5.dxc5 Na6 6.a3 Bxc3+ 7.Qxc3 Nxc5 8.f3 b6
9.b4 Nb7 10.Bb2 d6 11.f4 O-O 12.Nf3 Qe7 13.e3 Bd7 14.Bd3 Rfc8 15.Qd4 Bc6
16.O-O Rd8 17.e4 Ne8 18.Qf2 Rac8 19.Rae1 Rc7 20.Re3 h6 21.Nd4 Nf6 22.Qe2 Be8
23.Rg3 Kh8 24.Bb1 Qf8 25.e5 Nh7 26.Qc2 Qg8 27.exd6 Nxd6 28.Rxg7 Qxg7 29.Nxe6 f5
30.Nxg7 Rxg7 31.Rd1 Bc6 32.Bxg7+ Kxg7 33.c5 Nf7 34.Rxd8 Nxd8  1-0

[Event "Mainz op"]
[Site "Mainz"]
[Date "1995.??.??"]
[Round "7"]
[White "Arbakov, Valentin"]
[Black "Sakaev, Konstantin"]
[Result "0-1"]
[WhiteElo "2500"]
[BlackElo "2535"]

1.c4 Nf6 2.Nc3 g6 3.e4 d6 4.d4 Bg7 5.f3 O-O 6.Be3 e5 7.d5 Nh5 8.Qd2 f5 9.O-O-O Nd7
10.Bd3 fxe4 11.Nxe4 Nf4 12.Bf1 Nf6 13.Nc3 a6 14.Nge2 Nxe2+ 15.Bxe2 Bd7 16.Kb1 Qe8
17.Bd3 c6 18.dxc6 bxc6 19.Bc2 Be6 20.Qxd6 Bxc4 21.Ne4 Qf7 22.Qa3 Bd5 23.Bc5 Rfb8
24.Rhe1 Nd7 25.Bd6 Rb7 26.Bd3 a5 27.Re2 a4 28.h4 Nb6 29.Bc5 Rab8 30.h5 gxh5
31.Rc2 Bb3 32.Bxb6 Bxc2+ 33.Kxc2 Rxb6 34.Nd6 Qe7 35.Bc4+ Kf8 36.Qd3 Rxb2+
37.Kc1 Qg5+  0-1

[Event "Mainz op"]
[Site "Mainz"]
[Date "1995.??.??"]
[Round "8"]
[White "Sakaev, Konstantin"]
[Black "Zagorskis, Darius"]
[Result "1/2-1/2"]
[WhiteElo "2535"]
[BlackElo "2550"]

1.d4 d6 2.c4 e5 3.Nf3 e4 4.Ng5 f5 5.Nc3 Nf6 6.g3 g6 7.Bg2 Bg7 8.O-O O-O 9.f3 exf3
10.exf3 Re8 11.Kh1 h6 12.Nh3 Nc6 13.d5 Ne5 14.b3  1/2-1/2

[Event "Mainz op"]
[Site "Mainz"]
[Date "1995.??.??"]
[Round "9"]
[White "Klovans, Janis"]
[Black "Sakaev, Konstantin"]
[Result "1/2-1/2"]
[WhiteElo "2505"]
[BlackElo "2535"]

1.e4 c5 2.Nf3 d6 3.d4 cxd4 4.Nxd4 Nf6 5.Nc3 a6 6.Be2 e6 7.O-O Qc7 8.a4 Nc6
9.Be3 Be7 10.f4 O-O 11.Kh1 Bd7 12.Qe1 Nxd4 13.Bxd4 Bc6 14.Qg3 Qa5 15.e5 dxe5
16.Bxe5 g6 17.Rad1 Nd7  1/2-1/2

[Event "Moscow PCA-Intel qual"]
[Site "Moscow"]
[Date "1995.??.??"]
[Round "4"]
[White "Dolmatov, Sergey"]
[Black "Sakaev, Konstantin"]
[Result "1/2-1/2"]
[WhiteElo "2605"]
[BlackElo "2535"]

1.e4 c5 2.Nf3 d6 3.d4 cxd4 4.Nxd4 Nf6 5.Nc3 a6 6.Be2 e5 7.Nb3 Be7 8.O-O O-O
9.Kh1 b5 10.Nd5 Nxd5 11.Qxd5 Ra7 12.Be3 Be6 13.Qd2 Rd7 14.a4 d5 15.exd5 Rxd5
16.Qc1 Qc8 17.axb5 axb5 18.f4 exf4 19.Bxf4 Nc6 20.c3 b4 21.c4 Rdd8 22.Qe3 Bf6
23.Bg5 Bxb2 24.Rab1 f6 25.Rxb2 fxg5 26.Rxf8+ Rxf8 27.Qxg5 Qd7 28.Rb1 Qf7  1/2-1/2

[Event "Chigorin mem"]
[Site "St Petersburg"]
[Date "1995.??.??"]
[Round "2"]
[White "Kobalija, Mihail"]
[Black "Sakaev, Konstantin"]
[Result "0-1"]
[WhiteElo "2430"]
[BlackElo "2570"]

1.e4 c5 2.Nf3 d6 3.d4 cxd4 4.Nxd4 Nf6 5.Nc3 e6 6.Bc4 Be7 7.Be3 O-O 8.Qe2 a6
9.Bb3 b5 10.a3 Bb7 11.f3 Nc6 12.O-O-O Qa5 13.Qe1 Qc7 14.Kb1 Nxd4 15.Bxd4 Bc6
16.g4 a5 17.g5 Nh5 18.Ne2 b4 19.Qh4 a4 20.Ba2 b3 21.cxb3 axb3 22.Bxb3 Qb7
23.Bc2 g6 24.Ng3 e5 25.Nxh5 gxh5 26.Bc3 Rxa3 27.Kc1 Ra1+ 28.Kd2 Rxd1+ 29.Rxd1 Qa7
30.Qxh5 Qf2+ 31.Kc1 Ra8 32.Kb1 Rb8 33.Qh3 Qe3 34.Rd3 Qxg5 35.f4 exf4 36.Rf3 Bf6
37.Bxf6 Qxf6 38.Rc3 Qe5 39.Qf3 Bd7 40.Bb3 Be6 41.Bd5 Bxd5 42.exd5 f5 43.Qg2+ Kh8
44.Qc2 Qxd5 45.Rc4 Qe5 46.Qd2 f3 47.Rf4 Rb3 48.Rc4 Re3 49.Qf2 Re1+  0-1

[Event "St Petersburg op"]
[Site "St Petersburg"]
[Date "1995.??.??"]
[Round "2"]
[White "Sakaev, Konstantin"]
[Black "Kovalevskaya, Ekaterina"]
[Result "1/2-1/2"]
[WhiteElo "2535"]
[BlackElo "2370"]

1.d4 Nf6 2.c4 d6 3.Nf3 g6 4.Nc3 Bg7 5.e4 O-O 6.Be2 Bg4 7.Be3 Nfd7 8.Qd2 c5
9.d5 Qa5 10.Bh6 Bxf3 11.gxf3 f5 12.Bxg7 Kxg7 13.exf5 Rxf5 14.f4 Nf6 15.O-O-O Nbd7
16.Rde1 Re8 17.Rhg1 Kh8 18.Rg5 b5 19.cxb5 Nb6 20.Bd3 Rxg5 21.fxg5 Nfxd5 22.Nxd5 Qxd2+
23.Kxd2 Nxd5 24.Bc4 Nc7 25.Bf7 Rb8 26.Rxe7 Nxb5 27.a4 Nd4 28.Rxa7 Rxb2+ 29.Kd3 Nc6
30.Ra8+ Kg7 31.Be6 h5 32.gxh6+ Kxh6 33.Rf8 Nb4+ 34.Kc4 Re2 35.Bd7 Rc2+  1/2-1/2

[Event "St Petersburg op"]
[Site "St Petersburg"]
[Date "1995.??.??"]
[Round "3"]
[White "Sherbakov, Vitaly S"]
[Black "Sakaev, Konstantin"]
[Result "0-1"]
[WhiteElo "2385"]
[BlackElo "2535"]

1.d4 Nf6 2.Nf3 e6 3.Bg5 h6 4.Bh4 c5 5.e3 Qb6 6.Qc1 cxd4 7.exd4 g5 8.Bg3 g4
9.Be5 gxf3 10.Bxf6 fxg2 11.Bxg2 Rg8 12.Be4 d5 13.Bh7 Nd7 14.Bxg8 Nxf6 15.Rg1 Qxd4
16.Nc3 Bd7 17.Qe3 Qxe3+ 18.fxe3 Bc5 19.Ke2 Ke7 20.Bxf7 Kxf7 21.Raf1 Be7 22.Rf2 Rg8
23.Rgf1 Rg5 24.Kd3 Rf5 25.Rxf5 exf5 26.Kd4 b6 27.Nxd5 Bc5+ 28.Ke5 Ng4+  0-1

[Event "St Petersburg-ch"]
[Site "St Petersburg"]
[Date "1995.??.??"]
[Round "3"]
[White "Yemelin, Vasily"]
[Black "Sakaev, Konstantin"]
[Result "0-1"]
[WhiteElo "2515"]
[BlackElo "2535"]

1.e4 c5 2.Nf3 d6 3.d4 cxd4 4.Nxd4 Nf6 5.Nc3 a6 6.Be2 e5 7.Nb3 Be7 8.O-O O-O
9.Be3 Be6 10.Qd3 Nbd7 11.Nd5 Bxd5 12.exd5 Ne8 13.Qd2 Qc7 14.c4 a5 15.Rac1 g6
16.Na1 Ng7 17.Bd3 Nc5 18.Nc2 e4 19.Be2 Nf5 20.Bf4 Bf6 21.b3 Qe7 22.Rfe1 g5
23.Be3 Nxe3 24.Nxe3 Be5 25.Bg4 Nd3 26.Bf5 Bf4 27.g3 Nxc1 28.Qxc1 Bxe3 29.Rxe3 Qf6
30.Bxe4 Rfe8 31.Kg2 h6 32.Qd2 Qg7 33.Qc2 Qd4 34.Bh7+ Kg7 35.Rf3 Re7 36.Rxf7+ Rxf7
37.Qg6+ Kf8 38.Qg8+ Ke7  0-1

[Event "St Petersburg op"]
[Site "St Petersburg"]
[Date "1995.??.??"]
[Round "4"]
[White "Malaniuk, Vladimir P"]
[Black "Sakaev, Konstantin"]
[Result "1/2-1/2"]
[WhiteElo "2615"]
[BlackElo "2535"]

1.d4 d5 2.c4 c6 3.e3 Nf6 4.Nf3 Bf5 5.Bd3 Bxd3 6.Qxd3 e6 7.O-O Nbd7 8.Nc3 Bb4
9.Bd2 a5 10.a3 Be7 11.b3 O-O 12.e4 dxe4 13.Nxe4 Nxe4 14.Qxe4 Qb6 15.Qc2 Rfe8
16.Bc3 Qa6 17.a4 Qb6 18.Rad1 Qc7 19.Bb2 Rad8 20.Rd3 Nf8 21.Rfd1 Ng6 22.g3 Bf6
23.h4 h6 24.R3d2 Ne7 25.Kg2 Nf5 26.Rd3 Rd7 27.Bc3 Red8 28.Qd2  1/2-1/2

[Event "St Petersburg op"]
[Site "St Petersburg"]
[Date "1995.??.??"]
[Round "5"]
[White "Sakaev, Konstantin"]
[Black "Zilberstein, Valery I"]
[Result "1-0"]
[WhiteElo "2535"]
[BlackElo "2290"]

1.d4 Nf6 2.Nf3 g6 3.c4 Bg7 4.Nc3 d5 5.cxd5 Nxd5 6.e4 Nxc3 7.bxc3 c5 8.Rb1 O-O
9.Be2 b6 10.O-O Bb7 11.Qd3 Ba6 12.Qe3 Qc8 13.d5 e6 14.c4 exd5 15.cxd5 Bxe2
16.Qxe2 Qa6 17.Qc2 Nd7 18.Bg5 Rfe8 19.d6 Re6 20.Be7 Re8 21.Ng5 R6xe7 22.dxe7 Rxe7
23.f4 Bd4+ 24.Kh1 Nf6 25.e5 Nd5 26.Ne4 Ne3 27.Nf6+ Kg7 28.Qe4 Qb7 29.Qxb7 Rxb7
30.Rf3 h5 31.Re1 Ng4 32.Ne8+ Kf8 33.Nd6 Rd7 34.g3 Nh6 35.Ra3 Bb2 36.Ra4 Nf5
37.Nb5 Nd4 38.Rd1 Ke7 39.Nxa7 Kd8 40.Rb1 Bc3 41.Rxb6 Kc7 42.Rb1  1-0

[Event "Chigorin mem"]
[Site "St Petersburg"]
[Date "1995.??.??"]
[Round "6"]
[White "Cherniaev, Alexander"]
[Black "Sakaev, Konstantin"]
[Result "1/2-1/2"]
[WhiteElo "2450"]
[BlackElo "2570"]

1.e4 c5 2.Nf3 d6 3.d4 cxd4 4.Qxd4 a6 5.c4 Nc6 6.Qd2 g6 7.Nc3 Bg7 8.b3 Nf6
9.Bb2 O-O 10.Be2 Qa5 11.Nd5 Qxd2+ 12.Nxd2 Nd7 13.Bxg7 Kxg7 14.Nb1 Nd4 15.Kd2 e6
16.Ndc3 b5 17.b4 bxc4 18.Na3 Ne5 19.Bxc4 f5 20.exf5 Rxf5 21.f3 a5 22.b5 Nxc4+
23.Nxc4 Nxb5 24.Nxb5 Rxb5 25.Ke3 Ba6 26.Nxd6 Rb2 27.Rac1 Ra7 28.g4 Rxa2 29.h4 e5
30.Rhe1 Rd7 31.Rcd1 Kf8 32.Ke4 Ke7 33.Kxe5 Re2+ 34.Rxe2 Bxe2 35.Rd4 Bxf3
36.g5 Bc6 37.Nc8+ Kd8 38.Nd6 Ke7 39.Nc8+ Kd8 40.Nd6 Kc7 41.Ne8+  1/2-1/2

[Event "St Petersburg-ch"]
[Site "St Petersburg"]
[Date "1995.??.??"]
[Round "7"]
[White "Svidler, Peter"]
[Black "Sakaev, Konstantin"]
[Result "1/2-1/2"]
[WhiteElo "2585"]
[BlackElo "2535"]

1.e4 c5 2.Nf3 d6 3.d4 cxd4 4.Nxd4 Nf6 5.Nc3 a6 6.Be3 e5 7.Nb3 Be6 8.f3 h5
9.f4 Ng4 10.Bd2 exf4 11.Bxf4 g5 12.Bc1 Bg7 13.h3 Ne5 14.Be3 g4  1/2-1/2

[Event "St Petersburg-ch"]
[Site "St Petersburg"]
[Date "1995.??.??"]
[Round "9"]
[White "Orlov, Vassily"]
[Black "Sakaev, Konstantin"]
[Result "0-1"]
[WhiteElo "2435"]
[BlackElo "2535"]

1.e4 c5 2.Nf3 d6 3.d4 cxd4 4.Nxd4 Nf6 5.Nc3 a6 6.f4 g6 7.Be2 Bg7 8.Be3 O-O
9.Nb3 Nc6 10.g4 b5 11.g5 Nd7 12.Qd2 b4 13.Na4 Bb7 14.Bf3 Qc7 15.O-O-O Na5
16.Bd4 e5 17.fxe5 Nxe5 18.Bg2 Nac4 19.Qxb4 Rfc8 20.Kb1 a5 21.Qe1 Nxb2 22.Bxb2 Qxc2+
23.Ka1 Qxg2 24.Rg1 Qc2 25.Rd2 Qc6 26.Nc3 Qb6 27.Rg3 a4  0-1

[Event "St Petersburg op"]
[Site "St Petersburg"]
[Date "1995.??.??"]
[Round "9"]
[White "Lugovoi, Aleksei"]
[Black "Sakaev, Konstantin"]
[Result "1/2-1/2"]
[WhiteElo "2485"]
[BlackElo "2535"]

1.d4 d6 2.e4 Nf6 3.Nc3 g6 4.Bg5 Bg7 5.Qd2 h6 6.Be3 Ng4 7.Bf4 e5 8.dxe5 Nxe5
9.O-O-O Nbc6 10.Nd5 Be6 11.h3 Rb8 12.Be3 b5 13.f4 Nc4 14.Bxc4 bxc4 15.c3 O-O
16.Nf3 f5 17.Nd4 Bxd4 18.Bxd4 fxe4 19.f5 Rxf5 20.Qxh6 Qg5+ 21.Qxg5 Rxg5 22.Nf6+ Kf7
23.Rhf1 Rxg2 24.Nd7+ Bf5 25.Nxb8 Nxb8 26.Rg1 Rh2  1/2-1/2

[Event "St Petersburg-ch"]
[Site "St Petersburg"]
[Date "1995.??.??"]
[Round "13"]
[White "Gubanov, Anton"]
[Black "Sakaev, Konstantin"]
[Result "0-1"]
[WhiteElo "2420"]
[BlackElo "2535"]

1.e4 c5 2.Nf3 e6 3.Nc3 a6 4.g3 b5 5.d4 cxd4 6.Nxd4 Bb7 7.Bg2 b4 8.Nce2 Nf6
9.Bg5 Be7 10.Qd3 d6 11.O-O Nbd7 12.Bxf6 Bxf6 13.Qd2 Qb6 14.a3 bxa3 15.Rxa3 Nc5
16.b4 Nxe4 17.Qe3 d5 18.c4 Bg5 19.f4 Be7 20.c5 Qc7 21.c6 Bc8 22.Bxe4 dxe4
23.Qxe4 O-O 24.Rb3 Rb8 25.Rfb1 Bf6 26.b5 Rb6 27.Kg2 axb5 28.Rxb5 Ra6 29.Rc5 Ra2
30.Nb5 Qa5 31.Rc2 Rxc2 32.Qxc2 e5 33.Qc3 Qa2 34.Rb2 Qd5+ 35.Qf3 Qxf3+  0-1

[Event "JUG-chT"]
[Site "Tivat"]
[Date "1995.??.??"]
[Round "1"]
[White "Sakaev, Konstantin"]
[Black "Ivanovic, Bozidar"]
[Result "1/2-1/2"]
[WhiteElo "2570"]
[BlackElo "2495"]

1.d4 c5 2.d5 e5 3.e4 d6 4.Nc3 Be7 5.Nf3 Bg4 6.Bb5+ Nd7 7.h3 Bxf3 8.Qxf3 a6
9.Bxd7+ Qxd7 10.a4 Nf6 11.a5 O-O 12.O-O Qd8 13.Bd2 Nd7 14.Qg3 Bf6 15.Na4 Rc8
16.c4 g6 17.Qe3 Bg7 18.Rac1 f5 19.b4 Qh4 20.bxc5 Nxc5 21.Nxc5 Rxc5 22.Qb3 Rc7
23.Bb4 Rd7 24.c5 dxc5 25.Bxc5 Rff7 26.exf5 gxf5 27.Bb6 Bf8 28.Rc8 Kg7 29.Re1 Bd6
30.Qc3 Rfe7 31.Re2 Qh5 32.Re1 f4 33.f3 Kh6 34.Kf1 Rg7 35.Re2  1/2-1/2

[Event "JUG-chT"]
[Site "Tivat"]
[Date "1995.??.??"]
[Round "10"]
[White "Sokolov, Andrei"]
[Black "Sakaev, Konstantin"]
[Result "1-0"]
[WhiteElo "2585"]
[BlackElo "2570"]

1.e4 c5 2.Nf3 d6 3.d4 cxd4 4.Nxd4 Nf6 5.Nc3 a6 6.f4 e6 7.Qf3 Nbd7 8.Bd3 Nc5
9.f5 e5 10.Nb3 b5 11.Bg5 Be7 12.Nxc5 dxc5 13.O-O-O Qa5 14.Qg3 c4 15.Be2 b4
16.Nd5 Qxa2 17.Qxe5 Nxd5 18.Rxd5 f6 19.Bh5+  1-0

[Event "Vienna op"]
[Site "Vienna"]
[Date "1995.??.??"]
[Round "2"]
[White "Gaertner, Guntram"]
[Black "Sakaev, Konstantin"]
[Result "1/2-1/2"]
[WhiteElo "2285"]
[BlackElo "2570"]

1.d4 Nf6 2.c4 e6 3.Nc3 Bb4 4.Bg5 h6 5.Bh4 c5 6.d5 b5 7.dxe6 fxe6 8.cxb5 O-O
9.e3 Bb7 10.Nf3 Qa5 11.Bxf6 Rxf6 12.Qd2 d5 13.a3 c4 14.Rd1 Be7 15.e4 a6 16.exd5 axb5
17.Be2 Na6 18.O-O Rd8 19.Ne4 Qxd2 20.Nxf6+ Bxf6 21.Rxd2 exd5 22.Nd4 Nc7 23.Bf3 Bc8
24.Rfd1 Kf8 25.h3 Bd7 26.Bg4 Be8 27.Bf5 Bf7 28.g3 Rd6 29.Kg2 Rb6 30.Ra1 Na6
31.Re1 Nc5 32.Rde2  1/2-1/2

[Event "Vienna op"]
[Site "Vienna"]
[Date "1995.??.??"]
[Round "3"]
[White "Sakaev, Konstantin"]
[Black "Bawart, Markus"]
[Result "1/2-1/2"]
[WhiteElo "2570"]
[BlackElo "2355"]

1.d4 d5 2.c4 c6 3.Nf3 Nf6 4.Nc3 e6 5.Bg5 h6 6.Bxf6 Qxf6 7.e3 Nd7 8.Bd3 Bd6
9.O-O Qe7 10.c5 Bb8 11.e4 O-O 12.Re1 Qd8 13.b4 a5 14.exd5 axb4 15.dxe6 fxe6
16.Ne4 Nf6 17.Nxf6+ Qxf6 18.Qe2 Ra3 19.Qe4 Qf5 20.Qxf5 exf5 21.Bc4+ Kh7 22.Re7 Rc3
23.Bb3 Bf4 24.h4 Kg6 25.Ree1 Kf6 26.h5 Bd7 27.Ne5 Bxe5 28.dxe5+ Ke7 29.Rac1 Be6
30.Rxc3 bxc3 31.Rc1 Bxb3 32.axb3  1/2-1/2

[Event "Vienna op"]
[Site "Vienna"]
[Date "1995.??.??"]
[Round "4"]
[White "Bukal, Vladimir"]
[Black "Sakaev, Konstantin"]
[Result "1/2-1/2"]
[WhiteElo "2315"]
[BlackElo "2570"]

1.d4 Nf6 2.c4 e6 3.Nf3 b6 4.g3 Ba6 5.Nbd2 Bb7 6.Bg2 Be7 7.O-O O-O 8.Qc2 d5
9.cxd5 exd5 10.Ne5 c5 11.dxc5 bxc5 12.Ndc4 h6 13.Bf4 Na6 14.Qa4 Qe8 15.Qxe8 Rfxe8
16.Na5 Bc8 17.Rfd1 Be6 18.Nec6 Bf8 19.h4 Bg4 20.Ne5 Be6 21.Nec6 Ne4 22.h5 f6
23.Rac1 Bf7 24.Bf3 c4 25.b3 c3 26.Be3 Nb4 27.Bxe4 Rxe4 28.Nxb4 Bxb4 29.Nc6 a5
30.a3 Bxa3 31.Rxc3 Bxh5 32.Rxd5 Bxe2 33.Rxa5 Rxa5 34.Nxa5 Kh7 35.Nc4 Bb4
36.Rc2 Bd1 37.Rb2 Bc3 38.Rb1 Be2 39.Rc1 Bb4 40.Kg2 f5 41.Nd2 Re6 42.Nc4 Bd3
43.Ra1 Bc2 44.Ra4 Bc3 45.Ra3 Re7 46.f3 Rd7 47.Bc5 Rc7 48.b4 Bxb4 49.Bxb4 Rxc4
50.Rc3 Rxb4 51.Rxc2 Kg6 52.Rc6+ Kg5 53.f4+ Kh5 54.Rc7 Rb2+ 55.Kh3 g5 56.fxg5 hxg5
57.g4+ fxg4+ 58.Kg3 Rb3+ 59.Kg2 g3 60.Rc4 Re3 61.Ra4  1/2-1/2